[Event "ROM-ch U10"]
[Site "Baile Felix"]
[Date "2017.02.05"]
[Round "5"]
[White "Padurariu, Dimitrie Nicolas"]
[Black "Halmajan, Fabian Mirel"]
[Result "0-1"]
[WhiteElo "1140"]
[BlackElo "1294"]
[PlyCount "100"]
[EventDate "2017.02.02"]
[EventType "swiss"]
[EventRounds "9"]
[EventCountry "ROU"]
[SourceTitle "CBM 176 Extra"]
[Source "ChessBase"]
[SourceDate "2017.03.02"]
[SourceVersion "1"]
[SourceVersionDate "2017.03.02"]
[SourceQuality "1"]

1. e4 c5 2. c4 d6 3. Nc3 Nc6 4. g3 e6 5. Bg2 Bd7 6. Nge2 Nf6 7. d3 Be7 8. 0-0 0-0 9. h3 h6 10. Rb1 Qc7 11. a3 Nd4 12. Nxd4 cxd4 13. Ne2 e5 14. b4 a6 15. a4 b5 16. cxb5 axb5 17. a5 Qc8 18. Ba3 Bxh3 19. Rc1 Qd7 20. Qd2 Bxg2 21. Kxg2 Nh5 22. Qb2 Bg5 23. Rh1 Bxc1 24. Qxc1 Nf6 25. f3 Qc8 26. Qd1 Qc7 27. Bc1 Kh7 28. Kf2 Rfc8 29. Qg1 Kg8 30. Qh2 Kf8 31. Rd1 Ke8 32. Rd2 Qd7 33. Qg2 Rc7 34. Qf1 Qc8 35. Kg2 Rc2 36. Rd1 g5 37. Kf2 g4 38. Kg2 gxf3+ 39. Qxf3 Qg4 40. Qxg4 Nxg4 41. Kf3 Nh2+ 42. Kf2 h5 43. Rh1 Ng4+ 44. Kf3 Nf6 45. g4 hxg4+ 46. Kf2 Kd7 47. Rh6 Ne8 48. Bg5 g3+ 49. Kf3 g2 50. Rh7 Rxe2 0-1

[Event "ROM-ch U10"]
[Site "Baile Felix"]
[Date "2017.02.05"]
[Round "4"]
[White "Stan, Anghel Cristian"]
[Black "Padurariu, Dimitrie Nicolas"]
[Result "0-1"]
[WhiteElo "1197"]
[BlackElo "1140"]
[PlyCount "170"]
[EventDate "2017.02.02"]
[EventType "swiss"]
[EventRounds "9"]
[EventCountry "ROU"]
[SourceTitle "CBM 176 Extra"]
[Source "ChessBase"]
[SourceDate "2017.03.02"]
[SourceVersion "1"]
[SourceVersionDate "2017.03.02"]
[SourceQuality "1"]

1. d4 d5 2. Nf3 Nf6 3. Bf4 Bg4 4. e3 e6 5. Be2 Be7 6. 0-0 0-0 7. Nbd2 Nbd7 8. h3 Bh5 9. Re1 Bd6 10. Ne5 Bxe2 11. Qxe2 Be7 12. Qf3 Nxe5 13. Bxe5 Bd6 14. Qg3 Bxe5 15. dxe5 Nd7 16. f4 Qe7 17. Nf3 h6 18. Qh2 Nc5 19. Nd2 c6 20. Rf1 Na6 21. Rf3 Kh7 22. b3 Rg8 23. h4 Qb4 24. Nf1 Nc5 25. g4 Ne4 26. g5 Qe7 27. f5 Rac8 28. Ng3 Nxg3 29. Qxg3 Rc7 30. Kh1 hxg5 31. hxg5 Rh8 32. g6+ Kg8+ 33. Kg2 Qh4 34. gxf7+ Rxf7 35. fxe6 Qxg3+ 36. Kxg3 Rxf3+ 37. Kxf3 Rh6 38. Kf4 Rxe6 39. Rg1 Kf7 40. c4 dxc4 41. bxc4 Rh6 42. Rf1 Ke6 43. Ke4 Rh5 44. Rg1 Rxe5+ 45. Kd3 Kf6 46. Rb1 b6 47. a4 Ra5 48. e4 Rxa4 49. Rf1+ Ke6 50. Rg1 Ra3+ 51. Kc2 Kf7 52. Rf1+ Kg8 53. Re1 Ra2+ 54. Kb3 Rf2 55. e5 Rf7 56. Rd1 Re7 57. Re1 Kf7 58. Kc3 Rd7 59. Rf1+ Ke6 60. Re1 c5 61. Re3 Rf7 62. Kd3 Rf5 63. Kc3 Rxe5 64. Rg3 g5 65. Kb3 Kf5 66. Kc3 Re4 67. Kd3 g4 68. Kc3 Kf4 69. Rg2 Re3+ 70. Kd2 g3 71. Rg1 Rf3 72. Rc1 Rf2+ 73. Kc3 g2 74. Kb3 Kf3 75. Kc3 Rf1 76. Rxf1+ gxf1Q 77. Kb3 Qd3+ 78. Ka4 b5+ 79. Kxb5 Ke4 80. Ka5 Qc3+ 81. Ka6 Qb4 82. Kxa7 Ke5 83. Ka6 Kd6 84. Ka7 Kc7 85. Ka6 Qb6# 0-1

[Event "ROM-ch U08"]
[Site "Calimanesti Caciulata"]
[Date "2016.04.21"]
[Round "5"]
[White "Andrei, Radu Mihai"]
[Black "Padurariu, Dimitrie Nicolas"]
[Result "0-1"]
[WhiteElo "1001"]
[BlackElo "1118"]
[PlyCount "110"]
[EventDate "2016.04.18"]
[EventType "swiss"]
[EventRounds "9"]
[EventCountry "ROU"]
[SourceTitle "CBM 172 Extra"]
[Source "ChessBase"]
[SourceDate "2016.06.21"]
[SourceVersion "1"]
[SourceVersionDate "2016.06.21"]
[SourceQuality "1"]

1. e4 e5 2. Nf3 Nc6 3. Bc4 d6 4. Nc3 Be7 5. d3 h6 6. 0-0 Nf6 7. Be3 0-0 8. Re1 Bg4 9. h3 Bh5 10. Nd5 a6 11. Nxe7+ Qxe7 12. d4 Nxe4 13. dxe5 dxe5 14. Bd5 Nd6 15. Bc5 Qf6 16. Bxc6 bxc6 17. Bxd6 cxd6 18. Re3 d5 19. Rxe5 Bxf3 20. Qxf3 Qxe5 21. Rb1 Qf6 22. Qb3 Rfb8 23. Qa3 Rb6 24. c3 Ra7 25. Qc5 Rab7 26. b3 Qe7 27. Qa5 Qe2 28. g3 Qb5 29. Qxb5 Rxb5 30. h4 a5 31. Kg2 a4 32. Kh3 axb3 33. axb3 Rxb3 34. Rc1 Rb1 35. Rc2 R7b2 36. Rxb2 Rxb2 37. Kg2 Rc2 38. Kf1 Rxc3 39. Ke2 d4 40. Kd2 c5 41. Kd1 c4 42. Kd2 Rb3 43. Kc2 d3+ 44. Kd2 Rb2+ 45. Kc1 c3 46. Kd1 d2 47. Ke2 Rb1 48. Kd3 d1Q+ 49. Kxc3 Rc1+ 50. Kb2 Qd2+ 51. Kb3 Rc5 52. Ka3 Qc3+ 53. Ka4 Rc4+ 54. Kb5 Qb3+ 55. Ka5 Ra4# 0-1

[Event "ROM-ch U08"]
[Site "Calimanesti Caciulata"]
[Date "2016.04.20"]
[Round "3"]
[White "Padurariu, Dimitrie Nicolas"]
[Black "Cioratanu, Rares"]
[Result "0-1"]
[WhiteElo "1118"]
[BlackElo "1001"]
[PlyCount "30"]
[EventDate "2016.04.18"]
[EventType "swiss"]
[EventRounds "9"]
[EventCountry "ROU"]
[SourceTitle "CBM 172 Extra"]
[Source "ChessBase"]
[SourceDate "2016.06.21"]
[SourceVersion "1"]
[SourceVersionDate "2016.06.21"]
[SourceQuality "1"]

1. e4 c5 2. c4 e6 3. Nc3 Nc6 4. b3 a6 5. Be2 Nf6 6. Nf3 Bd6 7. 0-0 0-0 8. Re1 Re8 9. Bf1 Nd4 10. e5 Bb8 11. exf6 Qxf6 12. Nxd4 Qxd4 13. Qe2 b6 14. Qe3 Qd6 15. Ne4 Qxh2# 0-1

[Event "ROM-ch U08"]
[Site "Calimanesti"]
[Date "2015.04.04"]
[Round "7"]
[White "Padurariu, Dimitrie Nicolas"]
[Black "David, Andrei"]
[Result "1/2-1/2"]
[WhiteElo "1079"]
[BlackElo "1127"]
[PlyCount "62"]
[EventDate "2015.03.30"]
[EventType "swiss"]
[EventRounds "9"]
[EventCountry "ROU"]
[SourceTitle "CBM 165 Extra"]
[Source "ChessBase"]
[SourceDate "2015.04.21"]
[SourceVersion "1"]
[SourceVersionDate "2015.04.21"]
[SourceQuality "1"]

1. e4 e5 2. Bc4 Nf6 3. Nc3 Bc5 4. Nf3 Nc6 5. 0-0 0-0 6. d3 h6 7. Qe2 d6 8. h3 Be6 9. Bxe6 fxe6 10. Be3 Bxe3 11. Qxe3 Nb4 12. Qd2 c5 13. a3 Nc6 14. b3 d5 15. exd5 exd5 16. Rfe1 Re8 17. Re2 Qd6 18. Nb5 Qd7 19. Nc3 a6 20. Rae1 Qd6 21. Nh4 Nd4 22. Re3 Re6 23. Nf3 Nf5 24. R3e2 Rae8 25. a4 b6 26. g3 d4 27. Ne4 Nxe4 28. Rxe4 b5 29. axb5 axb5 30. Qe2 Qb6 31. g4 Nd6 1/2-1/2

[Event "ROM-ch U08"]
[Site "Calimanesti"]
[Date "2015.04.01"]
[Round "3"]
[White "Baltateanu, David Stefan"]
[Black "Padurariu, Dimitrie Nicolas"]
[Result "0-1"]
[WhiteElo "1001"]
[BlackElo "1079"]
[PlyCount "100"]
[EventDate "2015.03.30"]
[EventType "swiss"]
[EventRounds "9"]
[EventCountry "ROU"]
[SourceTitle "CBM 165 Extra"]
[Source "ChessBase"]
[SourceDate "2015.04.21"]
[SourceVersion "1"]
[SourceVersionDate "2015.04.21"]
[SourceQuality "1"]

1. e4 e5 2. Nf3 Nc6 3. Nc3 Nf6 4. Bc4 Be7 5. d3 0-0 6. 0-0 d6 7. Be3 h6 8. a3 Nh7 9. h3 Ng5 10. Qe2 Nxf3+ 11. Qxf3 Bg5 12. Rfe1 Qf6 13. Qe2 Na5 14. Bd5 Nc6 15. Bxc6 bxc6 16. Rad1 c5 17. Nd5 Qd8 18. Bd2 Bxd2 19. Rxd2 Be6 20. c4 c6 21. Ne3 Qd7 22. Qd1 a6 23. Qc1 a5 24. Qc3 a4 25. Nd1 Qe7 26. Re3 Qd7 27. Rg3 Rab8 28. f4 Rb3 29. Qc2 exf4 30. Rf3 Rfb8 31. Rxf4 Rf8 32. Nc3 Ra8 33. Nxa4 Rb7 34. Rf3 Raa7 35. Rg3 Qc8 36. Qc3 f6 37. Qxf6 Rxa4 38. Rf2 Ra5 39. Rff3 Raa7 40. Rg6 Rxb2 41. Rfg3 Rb1+ 42. Kf2 Rbb7 43. h4 Rf7 44. Rxg7+ Rxg7 45. Qf3 Raf7 46. Rxg7+ Kxg7 47. Ke2 Bg4 48. Kf2 Bxf3 49. gxf3 Qh3 50. Ke2 Rxf3 0-1